|
|
|
|
| LEADER |
02783nam a2200649 i 4500 |
| 001 |
nkc20152696462 |
| 003 |
CZ PrNK |
| 005 |
20151005112303.0 |
| 007 |
ta |
| 008 |
150427s2015 xr ab e f 000 0 cze |
| 015 |
|
|
|a cnb002696462
|
| 020 |
|
|
|a 978-80-7427-173-1
|q (brožováno)
|
| 035 |
|
|
|a (OCoLC)923582812
|
| 040 |
|
|
|a OLA001
|b cze
|d ABA001
|e rda
|
| 041 |
0 |
|
|a cze
|b cze
|b eng
|
| 072 |
|
7 |
|a 631
|x Zemědělství. Pedologie. Agrotechnika. Agroekologie
|2 Konspekt
|9 24
|
| 080 |
|
|
|a 551.577/.578
|2 MRF
|
| 080 |
|
|
|a 631.423.2
|2 MRF
|
| 080 |
|
|
|a 631.412/.414
|2 MRF
|
| 080 |
|
|
|a 581.144.2
|2 MRF
|
| 080 |
|
|
|a (083.744)
|2 MRF
|
| 100 |
1 |
|
|a Haberle, Jan,
|d 1953-
|7 uzp2006333597
|4 aut
|
| 245 |
1 |
0 |
|a Bilance a určení dostupné zásoby vody v kořenové zóně plodin /
|c Jan Haberle, Vítězslav Vlček, Mojmír Kohut, Tomáš Středa, Jiří Dostál, Pavel Svoboda
|
| 264 |
|
1 |
|a Praha :
|b Výzkumný ústav rostlinné výroby, v.v.i.,
|c 2015
|
| 300 |
|
|
|a 35 stran :
|b barevné ilustrace, mapy ;
|c 21 cm
|
| 336 |
|
|
|a text
|b txt
|2 rdacontent
|
| 337 |
|
|
|a bez média
|b n
|2 rdamedia
|
| 338 |
|
|
|a svazek
|b nc
|2 rdacarrier
|
| 490 |
1 |
|
|a Metodika pro praxi
|
| 500 |
|
|
|a Na obálce pod názvem: Výzkumný ústav rostlinné výroby, v.v.i., Praha-Ruzyně, Český hydrometeorologický ústav, Praha, Mendelova univerzita, Brno, Agroeko Žamberk, spol. s r.o.
|
| 504 |
|
|
|a Obsahuje bibliografii a bibliografické odkazy
|
| 546 |
|
|
|a České a anglické resumé
|
| 650 |
0 |
7 |
|a vodní srážky
|7 ph136881
|2 czenas
|
| 650 |
0 |
7 |
|a půdní vlhkost
|7 ph254472
|2 czenas
|
| 650 |
0 |
7 |
|a fyzikální vlastnosti půdy
|7 ph200809
|2 czenas
|
| 650 |
0 |
7 |
|a kořeny rostlin
|7 ph198766
|2 czenas
|
| 650 |
0 |
9 |
|a precipitation (meteorology)
|2 eczenas
|
| 650 |
0 |
9 |
|a soil moisture
|2 eczenas
|
| 650 |
0 |
9 |
|a physical soil properties
|2 eczenas
|
| 650 |
0 |
9 |
|a roots (botany)
|2 eczenas
|
| 655 |
|
7 |
|a certifikované metodiky
|7 fd806827
|2 czenas
|
| 655 |
|
9 |
|a certified methodology
|2 eczenas
|
| 700 |
1 |
|
|a Vlček, Vítězslav
|7 uzp2010609857
|4 aut
|
| 700 |
1 |
|
|a Kohut, Mojmír,
|d 1953-
|7 xx0079361
|4 aut
|
| 700 |
1 |
|
|a Středa, Tomáš,
|d 1976-
|7 ola2006329700
|4 aut
|
| 700 |
1 |
|
|a Dostál, Jiří,
|d 1953-
|7 ola2015884711
|4 aut
|
| 700 |
1 |
|
|a Svoboda, Pavel,
|d 1985-
|7 ola2015884746
|4 aut
|
| 710 |
2 |
|
|a Výzkumný ústav rostlinné výroby
|7 kn20010724965
|4 isb
|
| 710 |
2 |
|
|a Český hydrometeorologický ústav
|7 kn20010710186
|4 oth
|
| 710 |
2 |
|
|a Mendelova univerzita
|7 ko2010541433
|4 oth
|
| 710 |
2 |
|
|a AGROEKO Žamberk (firma)
|7 olak2015884730
|4 oth
|
| 810 |
2 |
|
|a Výzkumný ústav rostlinné výroby.
|t Metodika
|0 s
|
| 910 |
2 |
|
|a BOA001
|b 2-1353.371
|
| 990 |
|
|
|a BK
|
| 995 |
|
|
|a 01
|
| 991 |
|
|
|b 201510
|c NOV
|e n
|
| 996 |
6 |
|
|b 2610643657
|c 2-1353.371
|l MZK
|r Sklad / do 1 hodiny
|n 1
|p p.v.
|w 001522536
|u 000010
|a 1
|e BOA001
|j MZK50
|s P
|